| 000 | 00413nam a2200157 a 4500 | ||
|---|---|---|---|
| 005 | 20140310183205.0 | ||
| 008 | 030422s19uu xx 00 eng d | ||
| 020 | _a055312160 | ||
| 050 |
_aPZ 7 _b.W187 1979 |
||
| 100 | _aWallace, Irving | ||
| 245 |
_aThe two : _bA Biography / _cIrving Wallace. |
||
| 260 |
_aCanada ; _bbantam Books, _c1979. |
||
| 300 |
_a415 p. : _c17 cm. |
||
| 942 |
_cBK _2lcc |
||
| 999 |
_c19970 _d19970 |
||